தமிழகத்தில் முருக வழிபாடு: ஆதி முதல் கி.பி. பதின்மூன்றாம் நூற்றாண்டு வரை/

Saved in:
Bibliographic Details
Main Author: வேல்முருகு,அம்பிகை
Format: Book
Language:English
Tamil
Published: கொழும்பு: குமரன் புத்தக இல்லம், 2025
Edition:2nd
Subjects:
Tags: Add Tag
No Tags, Be the first to tag this record!

MARC

LEADER 00000nam a22000007a 4500
005 20260410101953.0
008 260410b |||||||| |||| 00| 0 eng d
020 |a 9786246709075 
041 |a tam  |h tam 
082 |a 294.5  |b வேல்மு 
100 |a வேல்முருகு,அம்பிகை  |9 117165 
245 |a தமிழகத்தில் முருக வழிபாடு:   |b ஆதி முதல் கி.பி. பதின்மூன்றாம் நூற்றாண்டு வரை/  |c அம்பிகை வேல்முருகு. 
250 |a 2nd 
260 |a கொழும்பு:  |b குமரன் புத்தக இல்லம்,   |c 2025 
300 |a xii,60p.:  |b ill.col;  |c 21.cm 
500 |a Purchased 
650 |a இந்து மதம் 
942 |c BK 
999 |c 71216  |d 71216